000 01057nam a2200301 a 4500
999 _c12368
_d12368
001 12368
003 BD-JhCC
005 20211115095922.0
008 210605s1985 enk b 001 0 eng
035 _a(BD-JhCC)12368
040 _aDLC
_cDLC
_dDLC
_dBD-JhCC
041 _aeng
050 0 0 _aHG3368.A6
_bC47 1985
082 0 0 _a332.1/0917/671
_219
_bCHA 1985
100 1 _aChapra, M. Umer
_q(Muhammad Umer),
_d1933-
245 1 0 _aTowards a just monetary system :
_ba discussion of money, banking, and monetary policy in the light of Islamic teachings /
_cM. Umer Chapra.
260 _aLeicester, UK :
_bIslamic Foundation,
_cc1985.
300 _a292 p. ;
_c22 cm.
440 0 _aIslamic economics series ;
_v8
500 _aIncludes index.
504 _aBibliography: p. 267-282.
650 0 _aBanks and banking
_zIslamic countries.
650 0 _aMonetary policy
_zIslamic countries.
650 0 _aBanks and banking
_xReligious aspects
_xIslam.
650 0 _aEconomics
_xReligious aspects
_xIslam.
650 0 _aIslam
_xEconomic aspects.
942 _2ddc
_cBK